| 000 | 00892nam a2200277Ia 4500 | ||
|---|---|---|---|
| 003 | OSt | ||
| 005 | 20220926001020.0 | ||
| 006 | a|||||r|||| 00| 0 | ||
| 007 | ta | ||
| 008 | 220923b |||||||| |||| 00| 0 eng d | ||
| 020 |
_a8175542888 _c335.75 |
||
| 037 |
_b104/PBD/07-08, 18/10/2007, PIONEER BOOK DISTRIBUTORS _cGeneral Book |
||
| 040 |
_aRTL _cRTL _beng |
||
| 041 |
_2eng _aeng |
||
| 082 | _aX:51-8N91, P5 | ||
| 100 |
_aSmith P R _9233648 |
||
| 245 | 0 |
_aMarketing communications _b An integrated approach |
|
| 250 | _aEd. 4 | ||
| 260 |
_a New Delhi _bKogan Page _c2005 |
||
| 300 |
_axvi, 696p _ccm. |
||
| 500 | _aBibliography Chapterwise | ||
| 650 | _aCommerce | ||
| 700 |
_a Taylor Jonathan _9303334 |
||
| 942 |
_hX:51-8N91, P5 _cGB _2CC |
||
| 999 |
_c600217 _d600217 |
||